Effective personal letters, for business and social occasions /

Bibliographic Details
Main Author: Butterfield, William Henry, 1910-
Format: Book
Language:English
Published: New York : Prentice-Hall, 1945
Subjects:

MARC

Tag First Indicator Second Indicator Subfields
LEADER 00000cam a2200000 a 4500
001 in00000086775
005 20151008062746.0
008 740610s1945 nyu 00110 engm
010 |a  45006966  
035 |a (OCoLC)00911700 
035 |9 AAK0876AM 
040 |a DLC  |c CPL  |d TXA  |d UtOrBLW 
049 |a TXAM  |c [1561858] 
050 0 0 |a BJ2101  |b .B8 
082 0 |a 395 
090 |a BJ2101  |b  B8 1946 
100 1 |a Butterfield, William Henry,  |d 1910- 
245 1 0 |a Effective personal letters, for business and social occasions /  |c  William H. Butterfield. 
264 1 |a New York :  |b Prentice-Hall,  |c 1945 
264 3 |c 1946 printing 
300 |a xiv, 305 pages ;  |c 24 cm. 
336 |a text  |b txt  |2 rdacontent 
337 |a unmediated  |b n  |2 rdamedia 
338 |a volume  |b nc  |2 rdacarrier 
500 |a Includes index. 
650 0 |a Letter writing. 
999 |a MARS 
999 f f |s a956be46-5b65-3ffb-a1e0-c4b4fe7dd1d9  |i 32aaa702-eb7e-3328-a59b-9007661b845c  |t 0 
952 f f |p normal  |a Texas A&M University  |b College Station  |c Sterling C. Evans Library  |d Evans: Library Stacks  |t 0  |e BJ2101 B8 1946  |h Library of Congress classification  |i unmediated -- volume  |m A14805982288 
998 f f |a BJ2101 B8 1946  |t 0  |l Evans: Library Stacks